Vista normal
Vista MARC
Entrada Nombre corporativo
Número de registros utilizados en: 10
001 - NÚMERO DE CONTROL
- campo de control: 86348
003 - IDENTIFICADOR DEL NÚMERO DE CONTROL
- campo de control: DO-SdBNP
005 - FECHA Y HORA DE LA ÚLTIMA TRANSACCIÓN
- campo de control: 20240815101959.0
008 - DATOS DE LONGITUD FIJA
- campo de control de longitud fija: 240815|| aca||aabn | a|a d
040 ## - FUENTE DE LA CATALOGACIÓN
- Centro catalogador/agencia de origen: DO-SdBNP
- Centro/agencia transcriptor: DO-SdBNP
110 ## - ENCABEZAMIENTO-NOMBRE DE ENTIDAD CORPORATIVA
- Nombre de entidad corporativa o nombre de jurisdicción como elemento de entrada: Ministerio de Salud Pública y Asistencia Social
670 ## - FUENTE DE DATOS ENCONTRADOS
- Cita de la fuente: Work cat.: (DO-SdBNP)57466: República Dominicana. Ministerio de Salud Pública 80830, Manual de procedimientos para la administración del tratamiento preventivo para tuberculosis (TPT) /
